Open Data Biblioteca Nacional de Portugal


República Portuguesa: Ministério da Cultura
Biblioteca Nacional de Portugal

Catálogo da BNP: acesso por Identificadores Unívocos
Registos Bibliográficos associados ao registo de autoridade

Etiqueta de registo: 00000nam 2200025 450
001 2057612
003 http://id.bnportugal.gov.pt/bib/catbnp/2057612
021 ## $aPT$b474692/20
100 ## $a20201021d2020 m y0pory01030103ba
101 0# $apor
102 ## $aPT
105 ## $ay z 000yy
106 ## $ar
200 1# $a O Encontro de Alcobaça no contexto da Revolução de 1820$fLeonel Fadigas$gtextos Inês Silva, Leonel Fadigas, Luís Pereira
210 #9 $aAlcobaça$cADEPA - Associação de Defesa e Valorização do Património Cultural da Região de Alcobaça,$dD.L. 2020
215 ## $a79 p.$d21 cm
675 ## $a94(469)"1820"$vBN$zpor$3977299
675 ## $a323.2(469)"1820"(091)$vBN$zpor$31796319
700 #1 $aFadigas,$bLeonel,$f1947-$3222941
702 #1 $94$aSilva,$bInês$4070$31762287
702 #1 $aPereira,$bLuís Afonso Peres,$f1975-$4070$31049973
801 #0 $aPT$bBN$gRPC
856 41 $uhttp://rnod.bnportugal.gov.pt/ImagesBN/winlibimg.aspx?skey=&doc=2057612&img=145276&save=true
900 ## $aBIBNAC$d20201124
966 ## $lBN$mFGMON$sH.G. 80031 V.$x1

Etiqueta de registo: 00254nam 2200025 450
001 2286716
003 http://id.bnportugal.gov.pt/bib/catbnp/2286716
021 ## $aPT$b553952/25
100 ## $a20260522d2025 m d0pory01030103ba
101 0# $apor
102 ## $aPT
105 ## $ay z 000yy
106 ## $ar
200 1# $aEleitos locais$eeleições autárquicas (1976-2021) - freguesias de Alcobaça, Vestaria e União das Freguesias de Alcobaça e Vestaria$fcoord. Luís Afonso Peres Pereira$gtextos Isabel Maria Fonseca Pereira da Costa
210 #9 $a[S.l.]$cUnião das Freguesias de Alcobaça e Vestaria,$dD.L. 2025
215 ## $a77 p.$d30 cm
675 ## $a324-052(469.325)"1976/2021"$vBN$zpor$32000142
675 ## $a352A/Z(469.325)"1976/2021"$vBN$zpor$32000141
702 #1 $aPereira,$bLuís Afonso Peres,$f1975-$4340$31049973
702 #1 $aCosta,$bIsabel Maria Fonseca Pereira da$4070$31999068
801 #0 $aPT$bBN$gRPC
856 41 $uhttp://rnod.bnportugal.gov.pt/ImagesBN/winlibimg.aspx?skey=&doc=2286716&img=223132&save=true
900 ## $aBIBNAC$d20260615
966 ## $lBN$mFGMON$sS.C. 169300 V.$x1
971 ## $cabrito$d20260522
972 ## $e0$z0$d20260615$vasantos
973 ## $ctrodrigues$d20260608

Etiqueta de registo: 00254nam 2200025 450
001 2285553
003 http://id.bnportugal.gov.pt/bib/catbnp/2285553
021 ## $aPT$b487118/21
100 ## $a20260430d2021 m y0pory01030103ba
101 0# $apor
102 ## $aPT
105 ## $aa z 000yy
106 ## $ar
200 1# $a O chalé da Gafa e os seus ilustres ocupantes$fJorge Pereira de Sampaio, Luís Afonso Peres Pereira$gtextos Paulo Jorge Marques Inácio
210 #9 $a[S.l.]$cJorge Pereira de Sampaio$cLuís Afonso Peres Pereira,$d2021
215 ## $a269 p.$cil.$d22 cm
675 ## $a725.13(469.325)"18/20"(091)$vBN$zpor$32000289
675 ## $a352A/Z(469.325)"1943/2009"(091)$vBN$zpor$32000291
700 #1 $aSampaio,$bJorge,$f1965-$3197063
701 #1 $aPereira,$bLuís Afonso Peres,$f1975-$4070$31049973
702 #1 $aInácio,$bPaulo Jorge Marques$4070$31998554
801 #0 $aPT$bBN$gRPC
856 41 $uhttp://rnod.bnportugal.gov.pt/ImagesBN/winlibimg.aspx?skey=&doc=2285553&img=223204&save=true
900 ## $aBIBNAC$d20260617
966 ## $lBN$mFGMON$sB.A. 53836 V.$x1
971 ## $cisantos$d20260430
972 ## $e0$z0$d20260617$vlrevez
973 ## $ctrodrigues$d20260609

OpendataBNP@bnportugal.pt | Mais informação sobre acesso aos dados BNP